Linear algebras
Saved in:
| Main Author: | |
|---|---|
| Format: | Book |
| Language: | English |
| Published: |
Cambridge :
University Press,
1930, 1914
|
| Edition: | 1st ed., Repr. |
| Series: | Cambridge tracts in mathematics and mathematical physics ;
; 16 |
| Subjects: | |
| Tags: |
Add Tag
No Tags, Be the first to tag this record!
|
MARC
| LEADER | 00000cam a2200000 i 4500 | ||
|---|---|---|---|
| 001 | 1/96087 | ||
| 008 | 081027r19141930 eng d | ||
| 035 | |l 10101181 | ||
| 040 | |a GR-MY-UA |b gre |e aacr | ||
| 041 | 0 | |a eng | |
| 082 | 0 | |a 512.5 |2 (22) | |
| 100 | 1 | |a Dickson, Leonard E. |q (Leonard Eugene), |d 1874-1957. | |
| 245 | 1 | 0 | |a Linear algebras / |c L. E. Dickson |
| 250 | |a 1st ed., Repr. | ||
| 260 | |a Cambridge : |b University Press, |c 1930, 1914 | ||
| 300 | |a viii, 73 σ.; |c 22 εκ. | ||
| 490 | 1 | |a Cambridge tracts in mathematics and mathematical physics |v ; 16 | |
| 650 | 0 | 0 | |a Algebras, Linear. |
| 830 | 0 | |a Cambridge tracts in mathematics and mathematical physics ; |v ; 16 | |
| 852 | |a INST |b SAMOS |c MAG |e 20081027 |h 512.5 DIC |p 005300029763 |q 005300029763 |t BK |y 0 | ||
| 901 | |a BIBL3-2008-3 | ||
| 909 | |a Σ |b 134987 | ||
| 970 | |a ΡΟΥΣΣΟΥ |b ΚΩΝΣΤΑΝΤΙΝΑ |z 2008/10/27 | ||